000 00698cam a2200253I 4500
001 9500
003 BD-RjUL
005 20211208234805.0
008 140121s1954 nyu 00| 0 eng d
035 _a(OCoLC)00851143
_a(BD-RjUL) 9545
040 _aDLC
_cYNG
_dSER
_dXBM
_dBD-RjUL
_beng
041 _aeng
082 _a539.76
_bLAM 1954
090 _aQC778.L36x 1954
100 1 _aLang, Daniel.
_929430
245 1 4 _aThe man in the thick lead suit.
260 _aNew York:
_bOxford University Press,
_c1954.
300 _axi, 207 p.
_c21 cm.
504 _aincludes index
650 0 _aNuclear energy
_vPopular works.
_929431
942 _2ddc
_cBK
999 _c9500
_d9500